All Clone Commanders - Statistics

General Stats
  • This quiz has been taken 39 times
  • The average score is 20 of 55
Answer Stats
Unit Birth Number Commanding Rank Answer % Correct
7th Sky Corps212th Attack Battalion CC-2224 Marshal Commander Cody
100%
501st LegionTorrent Company Bravo Squad 332nd Divison 332nd Company Phoenix Squadron Massassi Group CT-7567 CaptainCommander (Briefly) Rex
96%
327th Star Corps CC-5052 Marshal Commander Bly
85%
Coruscant Guard CC-1010 Commander Fox
81%
41st Elite Corps CC-1004 Senior Commander Gree
77%
104th "Wolfpack" BattalionRecovery Strike Team CC-3636 Commander Wolffe
73%
21st Nova Corps CC-1138 Marshal Commander Bacara
69%
Coruscant Guard N/A Commander Thorn
69%
Doom's Unit N/A Commander Doom
65%
501st Legion CC-1119 Sergeant (Formerly)Senior Commander Appo
62%
Fil's Squad CC-3714 Commander Fil
62%
Jet's UnitSpecial Operations CC-1993 Commander Jet
62%
Monnk's Unit N/A SCUBA Commander Monnk
62%
91st Reconnaissance Corps CC-8826 Marshal Commander Neyo
62%
Faie's UnitBogey Squad N/A Commander Faie
58%
Rancor Battalion N/A ARC Commander Havoc
58%
Coruscant Guard CC-4477 Lieutenant (Formerly)Commander Thire
58%
Rancor Battalion N/A ARC Commander Colt
54%
Red SquadronSquad Seven Open Circle Fleet CC-2237 Pilot Commander Oddball
54%
Stealth Ship CrewSpecial Operations N/A Commander Blackout
50%
Rancor Battalion N/A ARC Commander Blitz
50%
Trauma's Unit N/A ARF Commander Trauma
50%
Rancor Batalion N/A ARC Commander Hammer
46%
Clone Force 99 (Does not command)Elite Squad CT-9904 Commander (Briefly) Crosshair
42%
Coruscant GuardDiplomatic Servise CC-5869 Commander Stone
42%
91st Reconnaissance CorpsLightning Squadron Juma-9 Squad CT-411 Commander Ponds
38%
212th Attack BattalionFoxtrot Group CC-5576-39 Captain (Formerly)Commando (Commander) Gregor
35%
Grand Army of the RepublicMayday's Squad N/A Commander Mayday
35%
Depa's Battalion CC-10/994 CommanderCaptain (Canon) Grey
27%
Delta Squad (Does not command)Project War-Mantle Advanced Science Division RC-1262 Commando (Commander) Scorch
27%
Jenk's Unit N/A Commander Jenks
19%
N/A N/A Commander Keller
19%
Tack's Regiment CC-2801 Commander Tacks
19%
K Company CT-65/91-6210 Captain (Formerly)Commander Deviss
15%
501st Legion CC-9779 Regimental Commander Vill
15%
501st Legion N/A Commander Voca
15%
501st Legion N/A Commander Bow
12%
612th Attack Battalion CC-4572 Commander Ganch
12%
327th Star Corps7th Legion CT-80/80-3009 Senior Commander A'den
8%
501st Legion (Not confirmed) CC-4816 Commander CC-4816
8%
Thustra Strikeforce TK-571 Commander Clutch
8%
Thustra Strikeforce CR57 Commander CR57
8%
184th Attack Battalion N/A Commander Crane
8%
416th Star Corps CRC-09/571 Battalion Commander (Formerly)Regimental Commander CRC-09/571
8%
N/A N/A Commander Dox
8%
41st Elite CorpsImprocco Company N/A Commander Gett
8%
N/A N/A Commander Kite
8%
35th Infantry CC-3388/0021 Regimental Commander Levet
8%
32nd Air Combat Wing N/A Pilot Commander Salvo
8%
Sivad's Company CC-1771 Commander Sticks
8%
Grand Army of the Republic Stormtrooper Corps TH-313 Commander Tacker
8%
302nd Battalion N/A Commander Theo
8%
Excelsior Company N/A Commander Vargus
8%
Grand Army of the Republic N/A Commander Varna
8%
Grand Army of the Republic N/A ARC Commander Valiant
4%
No matching quizzes found
Score Distribution
Percent of People with Each Score
Percentile by Number Answered
Your Score History
You have not taken this quiz